ՀՀ Գիտությունների ազգային ակադեմիայի հիմնարար գիտական գրադարան  =   Fundamental Scientific Library of NAS RA

Цифровые устройства на комплементарных МДП интегральных микросхемах / (Record no. 174440)

MARC details
000 -LEADER
fixed length control field 00978nam a2200217 u 4500
001 - CONTROL NUMBER
control field 000475905
003 - CONTROL NUMBER IDENTIFIER
control field AM-YeHGA
005 - DATE AND TIME OF LATEST TRANSACTION
control field 20250617133958.0
008 - FIXED-LENGTH DATA ELEMENTS--GENERAL INFORMATION
fixed length control field 060220s1983 ||||||||||||||||||||rus d
040 ## - CATALOGING SOURCE
Original cataloging agency AM-YeHGA
041 0# - LANGUAGE CODE
Language code of text/sound track or separate title rus
090 ## - LOCALLY ASSIGNED LC-TYPE CALL NUMBER (OCLC); LOCAL CALL NUMBER (RLIN)
-- 175882
100 1# - MAIN ENTRY--PERSONAL NAME
Personal name Ланцов, Александр Лаврентьевич
245 10 - TITLE STATEMENT
Title Цифровые устройства на комплементарных МДП интегральных микросхемах /
Statement of responsibility, etc. А.Л. Ланцов, Л.Н. Зворыкин, И.Ф. Осипов.
260 ## - PUBLICATION, DISTRIBUTION, ETC.
Place of publication, distribution, etc. Москва :
Name of publisher, distributor, etc. Радио и связь,
Date of publication, distribution, etc. 1983.
300 ## - PHYSICAL DESCRIPTION
Extent 272 с. :
Other physical details ил.
504 ## - BIBLIOGRAPHY, ETC. NOTE
Bibliography, etc. note Список лит. с. 270
650 14 - SUBJECT ADDED ENTRY--TOPICAL TERM
Topical term or geographic name entry element Электронные элементы, использующие свойства твердого тела. Полупроводниковая электроника
700 1# - ADDED ENTRY--PERSONAL NAME
Personal name Зворыкин, Лев Николаевич
700 1# - ADDED ENTRY--PERSONAL NAME
Personal name Осипов, Иван Фомич
Holdings
Withdrawn status Lost status Damaged status Not for loan Collection Home library Current library Date acquired Total checkouts Full call number Barcode Date last seen Price effective from Koha item type Public note
        General Fundamental Scientific Library Fundamental Scientific Library 28/12/2016   PII/501698 FL0231982 28/12/2016 28/12/2016 Գրքեր / Books 30 Days Loan
        General Fundamental Scientific Library Fundamental Scientific Library 28/12/2016   PII/502192 FL0230928 28/12/2016 28/12/2016 Գրքեր / Books 30 Days Loan


ՀՀ ԳԱԱ հիմնարար գիտական գրադարան
ՀՀ,Երևան 0019
Մարշալ Բաղրամյան 24/6
հեռախոս:(374-10) 52-47-50
Հետադարձ կապ

All site content, except where otherwise noted, is licensed under a
Creative Commons License